Sohan pan house (Record no. 209649)

MARC details
000 -LEADER
fixed length control field 00340nam a2200133Ia 4500
008 - FIXED-LENGTH DATA ELEMENTS--GENERAL INFORMATION
fixed length control field 231221s9999 xx 000 0 und d
041 ## - LANGUAGE CODE
Language code of text/sound track or separate title English
100 ## - MAIN ENTRY--PERSONAL NAME
Personal name Gupta Nirmla, Vora, M N.
245 #0 - TITLE STATEMENT
Title Sohan pan house
260 ## - PUBLICATION, DISTRIBUTION, ETC.
Date of publication, distribution, etc. 1988
Name of publisher, distributor, etc. Indian institute of Management
Place of publication, distribution, etc. Ahmedebad
300 ## - PHYSICAL DESCRIPTION
Extent 7
650 ## - SUBJECT ADDED ENTRY--TOPICAL TERM
Topical term or geographic name entry element Sohan,pan,house
942 ## - ADDED ENTRY ELEMENTS (KOHA)
Koha item type Case Studies
Holdings
Date last seen Total checkouts Accession number Cost, total (INR) price Price effective from Category Lost status Damaged status Department Withdrawn status Home library Current library Shelving location Entry date Vendor Cost, normal purchase price Grants Billnumber Billdate Currency symbol Conversion rate Discount Old discount
26/01/2024   CS2 1000.00 26/01/2024 Case Studies     MBA   Central Library Central Library MBA   Publisher 1000.00 MBA 962344 26/01/2013 RS 1    

© For any Suggestions or Query, please contact the library staff @ librarian@pes.edu or Phone: +9180 2672 1983/ 2108.